000 00431nam a2200181Ia 4500
005 20231117110838.0
008 131103s9999 xx 000 0 und d
040 _aLoreto College
041 _aEnglish
082 _aF
_bTHE
100 _aTheroux,Paul
245 _aSaint Jack
_cPaul Theroux
260 _aNew York
_bPenguin Books
_c1973
300 _a223 p.
650 _aFiction in English
850 _aLCLIB
942 _cBK
999 _c14124
_d64603